Biblioteca

El es nuestra salvación : (Registro nro. 44535)

Detalles MARC
000 -LÍDER
Campo fijo de descripción fija 01868cam a2200301 i 4500
001 - NÚMERO DE CONTROL
Campo de control 18042
003 - IDENTIFICADOR DEL NÚMERO DE CONTROL
Campo de control CO-MdFUSB
005 - FECHA Y HORA DE LA ULTIMA TRANSACCIÓN
control field 20240604143448.0
008 - ELEMENTOS DE LONGITUD FIJA -- INFORMACIÓN GENERAL
Campo fijo de descripción fija -- Información general 240601t1991 -ck||||| |||| 00| 0 spa d
020 ## - NÚMERO INTERNACIONAL NORMALIZADO PARA LIBROS
Número Internacional Normalizado del libro 958-625-158-6
040 ## - FUENTE DE CATALOGACIÓN
Agencia que realiza la transcripción CO-MdFUSB
041 ## - CÓDIGO DE IDIOMA
Código de idioma para texto/pista de sonido o título separado spa
082 04 - NÚMERO DE CLASIFICACIÓN DECIMAL DEWEY
Número de la edición del Dewey 24
Número de clasificación G 234
Clave de autor-Numero de item G6439n
100 1# - ASIENTO PRINCIPAL--NOMBRE PERSONAL
Nombre personal Gonzalez, Carlos Ignacio
Término relacionador autor
245 10 - TÍTULO
Título del Material El es nuestra salvación :
Parte restante del título - Subtitulo cristología y soteriología /
Mención de responsabilidad, etc. Carlos Ignacio González
264 #1 - PRODUCCIÓN, PUBLICACIÓN, DISTRIBUCIÓN, MANUFACTURA, Y COPYRIGHT
Lugar de producción, publicación, distribución, manufactura Santa fe de Bogotá, Colombia :
Nombre del productor, publicador, distribuidor CELAM,
Fecha de producción, publicación, distribución, manufactura, o copyright [1991]
264 #4 - PRODUCCIÓN, PUBLICACIÓN, DISTRIBUCIÓN, MANUFACTURA, Y COPYRIGHT
Fecha de producción, publicación, distribución, manufactura, o copyright © 1991
300 ## - DESCRIPCIÓN FÍSICA
Extensión 581 páginas
336 ## - TIPO DE CONTENIDO
Término de tipo de contenido texto
Código de tipo de contenido txt
Fuente rdacontent
337 ## - TIPO DE MEDIO
Fuente rdamedia
Nombre del tipo de medio sin mediación
Código del tipo de medio n
338 ## - TIPO DE SOPORTE
Fuente rdacarrier
Nombre del tipo de soporte volumen
Código Tipo de soporte nc
501 ## - NOTA DE “CON”
Nota de Contenido Rústico
505 ## - NOTA DE CONTENIDO
Nota de contenido con formato preestablecido Parte I: Antiguo Testamento: Yahve Salva -- Todos los hombres experimentan el mal y buscan la salvación -- Pecado, esclavitud y liberación en el Antiguo Testamento -- Un pueblo que vive esperando en la promesa \ Parte II. Nuevo Testamento: Jesús es "Yahve que salva" -- "Convertíos, porque el reino de Dios esta presente" -- "El Os Ha enriquecido con su pobreza" -- "Obediente hasta la muerte y muerte de cruz" -- El lo hizo nuestra sabiduría, justificación, sacrificio y redención -- Resucitado por nuestra justicia -- Tu eres el Cristo el Hijo del Dios vivo \ Parte III. Cristología y soteriología en la Antigua tradición de la iglesia -- Cristología y soteriología de los padres antenicenos -- Los santos padres y concilios que financiaron la doctrina cristológica -- Cristologías clásicas: San Anselmo y Santo Tomas\ Parte IV. Para anunciar a Jesucristo hoy -- Quién es Jesucristo -- Cómo es y cómo actúa Jesucristo -- Para una evangelización liberadora en Cristo -- Algunas cristologías que partes de la reforma.
653 ## - TÉRMINO DE INDIZACIÓN - NO CONTROLADO
Término no controlado Cristología
653 ## - TÉRMINO DE INDIZACIÓN - NO CONTROLADO
Término no controlado Soteriología
942 ## - TIPO DE MATERIAL (KOHA)
Tipo de Item KOHA Libros General
945 ## - INFORMACIÓN LOCAL DEL REGISTRO
Catalogador Estudiante
Existencias
Estado de Material Estado de Perdido Estado de Dañado No para Préstamo Colección Tomo Biblioteca de Origen Biblioteca Permanente Fecha de Adquisición Total de Préstamos Signatura Topográfica Código de Barras Última vez visto Última vez Préstado Ejemplar/Existencia Fecha de Remplazo Tipo de Material
        Colección General   Biblioteca FUSBC Biblioteca FUSBC 06/12/2013 7 G 234 G6439n 18022 05/03/2024 30/10/2019 1 26/01/2016 Libros General

Biblioteca FUSBC | Teléfono: (57+4) 349 88 10 Ext. 141| WhatsApp (+57) 3005338115 
E-mail: biblioteca@unisbc.edu.co | Calle 76 87-14 Robledo Palenque, Medellín, Colombia

Con tecnología Koha